00264nam a2200121Ia 450000500170000000800410001704100080005810000140006624500300008025000080011026000160011830000080013420251013221652.0251010s9999 xx 000 0 und d aeng aHardy, T. aThe Mayor Of Casterbridge a1ST bUBSBDc1996 a466